000 01322cam a2200445 a 4500
999 _c36502
_d36502
003 BJBSDDR
005 20230410105428.0
007 ta
008 810313s1981 nyu 000 0 eng
020 _a0394510275
020 _a9780394510279
020 _a0394738632 (pbk.)
020 _a9780394738635 (pbk.)
029 1 _aNZ1
_b3394256
029 1 _aAU@
_b000001963469
029 1 _aAU@
_b000023896294
035 _a(OCoLC)ocm07275075
035 _a(OCoLC)7275075
040 _aDLC
_cDLC
_bspa
041 _aspa
043 _an-us---
050 1 4 _aHB 501
_bL536c 1981
082 0 0 _a330.12/2
_219
100 1 _aLekachman, Robert
_d1920-1989
245 1 0 _aCapitalism for beginners /
_cby Robert Lekachman & Borin Van Loon.
250 _a1st American ed.
260 _aNew York :
_bPantheon Books,
_cc1981.
300 _a174 pages :
_bill. ;
_c22 cm.
504 _aBibliography: p. 174.
650 0 _aCapitalism.
650 4 _aCapitalismo
_91787
650 4 _aEconomía
_9761
650 4 _aHistoria económica
_928
_y1971-1990
650 4 _aColección René Villarreal (CRV)
_9760
651 6 _aEtats-Unis
_xConditions économiques
_y1971-
651 4 _aEstados Unidos
_xCondiciones económicas
_y1971-1981
_99135
700 1 _aVan Loon, Borin
_d1951-
_910607
942 _2lcc
_cBK
946 _amfcruz